| 000 | 01113nam a22001697a 4500 | ||
|---|---|---|---|
| 003 | SGT | ||
| 020 | _a9788121908306 | ||
| 082 | _a596,VER | ||
| 100 | _aVERMA,P.S | ||
| 245 |
_aA MANUAL OF PRACTICAL ZOOLOGY CHORDATES _bFOR GRADUATE POSTGRADUATE STUDENTS ALL INDIAN UNIVERSITY |
||
| 250 | _a1ST | ||
| 260 |
_aNEW DELHI _bS.CHAND _c2015 |
||
| 300 | _a515 | ||
| 650 | _aZOOLOGY CHORDATES | ||
| 653 | _aDirections For Laboratory Works, Microscopes, Preparation Of Laboratory Reagents. Dissections, Permanent Slides, Important Mountings, Study Of Museum: Group Phylum Chordata Protochordata, Class- Cyclostomata, Series –Pisces Class – Amphibia Class – Reptilia Class Aves Class Mammalia Slides Of Protochordata Slides Of Cylostomata Slides Of Fishes Slides Of Amphibia Slides Ofreptilia| Slides Of Birds| Slides Of Mammalia Histology Of Some Vibrant Tissues Embryological Slides|Osteology|Skeleton Of Scoliodon Skeleton Of Frog Skeleton Of Varanus Skeleton Of Fowl Skeleton Of Rabbit| Skeleton Of Dog List Of Chemicals And Apparatus Experimental Biochemistry And Physiology|Chromatography | ||
| 942 |
_2ddc _cBK _03 |
||
| 999 |
_c9954 _d9954 |
||